[Event "GER-chT Seniors 20th"]
[Site "Gladenbach"]
[Date "2011.09.16"]
[Round "6.3"]
[White "Meyer, Heinz"]
[Black "Pundt, Wilfried"]
[Result "1/2-1/2"]
[WhiteElo "1853"]
[BlackElo "1813"]
[PlyCount "38"]
[EventDate "2011.09.11"]
[EventType "team-swiss"]
[EventRounds "7"]
[EventCountry "GER"]
[SourceTitle "CBM 144 Extra"]
[Source "ChessBase"]
[SourceDate "2011.10.28"]
[SourceVersion "1"]
[SourceVersionDate "2011.10.28"]
[SourceQuality "1"]
[WhiteTeam "Schleswig Holstein II"]
[BlackTeam "Bremen"]
[WhiteTeamCountry "GER"]
[BlackTeamCountry "GER"]

1. Nf3 e6 2. d4 b6 3. e4 Bb7 4. Bd3 c5 5. c3 d5 6. e5 Nc6 7. 0-0 Rc8 8. a3 Nge7 9. Bg5 Qd7 10. Qe2 Ng6 11. Nbd2 Be7 12. Be3 0-0 13. h4 cxd4 14. cxd4 f6 15. exf6 Rxf6 16. Ng5 Nf8 17. Rfe1 e5 18. dxe5 Nxe5 19. Bb5 Bc6 1/2-1/2

[Event "GER-ch Seniors Gp-A 19th"]
[Site "Templin"]
[Date "2007.08.31"]
[Round "9"]
[White "Mueller, Rudolf"]
[Black "Meyer, Heinz"]
[Result "1/2-1/2"]
[WhiteElo "2038"]
[BlackElo "1903"]
[PlyCount "140"]
[EventDate "2007.08.23"]
[EventType "swiss"]
[EventRounds "9"]
[EventCountry "GER"]
[SourceTitle "EXT 2022"]
[Source "ChessBase"]
[SourceDate "2021.10.06"]
[SourceVersion "1"]
[SourceVersionDate "2021.10.06"]
[SourceQuality "1"]

1. e4 c5 2. Nf3 Nc6 3. d4 cxd4 4. Nxd4 Nf6 5. Nc3 d6 6. Nxc6 bxc6 7. Bd3 e5 8. 0-0 Be7 9. Kh1 0-0 10. f4 Kh8 11. fxe5 dxe5 12. Bg5 Ng4 13. Bxe7 Qxe7 14. Qe1 Be6 15. Rf3 Rab8 16. b3 Rbd8 17. Qg3 Qc5 18. Na4 Qd4 19. Raf1 f6 20. c3 Qd6 21. b4 Nh6 22. Nc5 Bc8 23. Qh4 Qe7 24. Rg1 Rd6 25. g4 Rfd8 26. Rh3 Qf7 27. Rg2 Qg6 28. Rhg3 Qg5 29. Qxg5 fxg5 30. h3 Ng8 31. Rf3 Nf6 32. Rgf2 h6 33. a4 Nd7 34. Nxd7 Bxd7 35. Rf8+ Rxf8 36. Rxf8+ Kh7 37. Bc4 Kg6 38. Bf7+ Kh7 39. Ra8 Rd3 40. Kg2 h5 41. gxh5 Bxh3+ 42. Kf2 g4 43. Ke2 g3 44. h6 Kxh6 45. Rh8+ Kg5 46. Rxh3 g2 47. Rh5+ Kf4 48. Kf2 Rg3 49. Kg1 Kxe4 50. c4 Kd4 51. Rh2 Ra3 52. b5 cxb5 53. axb5 a6 54. bxa6 Rxa6 55. Rxg2 e4 56. Rxg7 Ra7 57. Kf2 Kd3 58. Rg3+ Kd4 59. Be6 Ra2+ 60. Ke1 Ra1+ 61. Kd2 Ra2+ 62. Kd1 Rh2 63. Rg4 Kd3 64. Ke1 e3 65. Bf5+ Kc3 66. c5 Rf2 67. Be4 Rf7 68. Rg3 Kd4 69. Bf3 Kxc5 70. Ke2 Re7 1/2-1/2

[Event "GER-ch Seniors Gp-A 19th"]
[Site "Templin"]
[Date "2007.08.27"]
[Round "5"]
[White "Meyer, Heinz"]
[Black "Richter, Gerhard"]
[Result "1/2-1/2"]
[WhiteElo "1903"]
[BlackElo "1774"]
[PlyCount "56"]
[EventDate "2007.08.23"]
[EventType "swiss"]
[EventRounds "9"]
[EventCountry "GER"]
[SourceTitle "EXT 2022"]
[Source "ChessBase"]
[SourceDate "2021.10.06"]
[SourceVersion "1"]
[SourceVersionDate "2021.10.06"]
[SourceQuality "1"]

1. Nf3 f5 2. g3 Nf6 3. c4 d6 4. d4 g6 5. b3 Bg7 6. Bb2 0-0 7. Bg2 Na6 8. 0-0 c5 9. d5 Nc7 10. Qc2 b5 11. Nbd2 bxc4 12. bxc4 Rb8 13. Rab1 Bd7 14. Bc3 Na6 15. a3 Rxb1 16. Rxb1 Qa8 17. Ng5 Rb8 18. Ba5 Rxb1+ 19. Qxb1 Qc8 20. Ne6 Bh6 21. e3 Ne8 22. h4 Nac7 23. Nxc7 Nxc7 24. Bc3 Na6 25. Nf3 Qb8 26. Qxb8+ Nxb8 27. Ng5 Na6 28. Bf3 Bg7 1/2-1/2

[Event "GER-ch Seniors Gp-A 19th"]
[Site "Templin"]
[Date "2007.08.25"]
[Round "3"]
[White "Meyer, Heinz"]
[Black "Schmid, Hartmut"]
[Result "1/2-1/2"]
[WhiteElo "1903"]
[BlackElo "2094"]
[PlyCount "29"]
[EventDate "2007.08.23"]
[EventType "swiss"]
[EventRounds "9"]
[EventCountry "GER"]
[SourceTitle "EXT 2022"]
[Source "ChessBase"]
[SourceDate "2021.10.06"]
[SourceVersion "1"]
[SourceVersionDate "2021.10.06"]
[SourceQuality "1"]

1. Nf3 d5 2. d4 c6 3. c4 e6 4. e3 Bd6 5. Nc3 f5 6. Ne5 Nf6 7. f4 0-0 8. Be2 Ne4 9. Nxe4 fxe4 10. 0-0 Nd7 11. c5 Be7 12. b4 Nxe5 13. fxe5 Rxf1+ 14. Bxf1 b6 15. Bd2 1/2-1/2

[Event "GER-ch Seniors Gp-A 19th"]
[Site "Templin"]
[Date "2007.08.24"]
[Round "2"]
[White "Wulf, Adalbert"]
[Black "Meyer, Heinz"]
[Result "0-1"]
[WhiteElo "1830"]
[BlackElo "1903"]
[PlyCount "103"]
[EventDate "2007.08.23"]
[EventType "swiss"]
[EventRounds "9"]
[EventCountry "GER"]
[SourceTitle "EXT 2022"]
[Source "ChessBase"]
[SourceDate "2021.10.06"]
[SourceVersion "1"]
[SourceVersionDate "2021.10.06"]
[SourceQuality "1"]

1. Nf3 Nf6 2. c4 g6 3. Nc3 Bg7 4. e4 d6 5. d4 Nbd7 6. Be2 0-0 7. 0-0 e5 8. d5 Nc5 9. Qc2 a5 10. Be3 Ne8 11. Qd2 f5 12. exf5 gxf5 13. Bg5 Nf6 14. Rfd1 Qe8 15. Bxf6 Rxf6 16. Ne1 Bh6 17. Qc2 e4 18. Nb5 Qe7 19. Rab1 f4 20. Nd4 Bd7 21. f3 Be8 22. fxe4 Nxe4 23. Bd3 Nc5 24. Nf5 Qf8 25. Nxh6+ Qxh6 26. Ra1 Nxd3 27. Qxd3 Bg6 28. Qc3 Bh5 29. Nf3 Re8 30. Rf1 b6 31. Rae1 Re3 32. Qc1 Bxf3 33. gxf3 Rg6+ 34. Kh1 Qh3 35. Rf2 Rxf3 36. Ref1 Rxf2 37. Rxf2 Qg4 38. b3 f3 39. Qf1 Qe4 40. Qc1 h5 41. Qf1 Kh7 42. Qh3 Qe1+ 43. Qf1 Qxf1+ 44. Rxf1 Rf6 45. Kg1 Kg6 46. Kf2 Rf4 47. Kg3 Kf5 48. Rxf3 h4+ 49. Kg2 Ke4 50. Rc3 Kd4 51. Rf3 Rxf3 52. Kxf3 0-1

[Event "GER-ch Seniors 18th"]
[Site "Dresden"]
[Date "2006.07.26"]
[Round "5"]
[White "Meyer, Heinz"]
[Black "Gerhards, Walter"]
[Result "1-0"]
[WhiteElo "1903"]
[BlackElo "1856"]
[PlyCount "53"]
[EventDate "2006.07.22"]
[EventType "swiss"]
[EventRounds "9"]
[EventCountry "GER"]
[SourceTitle "EXT 2022"]
[Source "ChessBase"]
[SourceDate "2021.10.06"]
[SourceVersion "1"]
[SourceVersionDate "2021.10.06"]
[SourceQuality "1"]

1. d4 e6 2. c4 b6 3. Nf3 Bb7 4. g3 f5 5. Bg2 Nf6 6. Nc3 Bb4 7. 0-0 0-0 8. Bd2 Qe8 9. Nb5 Bxd2 10. Qxd2 Na6 11. Rac1 Ne4 12. Qf4 Qd8 13. Qh4 Nf6 14. Rfd1 d6 15. c5 Qe8 16. a4 dxc5 17. dxc5 Bc6 18. cxb6 axb6 19. Ne5 Bxg2 20. Kxg2 Rd8 21. Qc4 Rxd1 22. Rxd1 Qa8+ 23. Kg1 Nd5 24. Nd4 Nab4 25. Nxe6 Re8 26. Nxc7 Qxa4 27. Rxd5 1-0

[Event "Schleswig Holstein-ch Seniors 60th"]
[Site "Germany"]
[Date "2005.10.11"]
[Round "2"]
[White "Buenger, Gerhardt"]
[Black "Meyer, Heinz"]
[Result "0-1"]
[WhiteElo "1854"]
[BlackElo "1923"]
[PlyCount "76"]
[EventDate "2005.10.10"]
[EventType "swiss"]
[EventRounds "9"]
[EventCountry "GER"]
[SourceTitle "EXT 2010"]
[Source "ChessBase"]
[SourceDate "2010.11.25"]
[SourceVersion "1"]
[SourceVersionDate "2010.11.25"]
[SourceQuality "1"]

1. e4 c5 2. Nf3 Nc6 3. d4 cxd4 4. Nxd4 Nf6 5. Nc3 d6 6. Be2 e5 7. Nb3 Be7 8. 0-0 0-0 9. Be3 a5 10. a4 Be6 11. Bf3 Nb4 12. Bg5 Qb6 13. Nb5 Rfd8 14. c3 Na6 15. Nd2 d5 16. Qe2 d4 17. cxd4 exd4 18. e5 Nd5 19. Nc4 Qc5 20. Bxe7 Qxe7 21. Ncd6 Nab4 22. Nxd4 Qg5 23. Nxe6 fxe6 24. Bxd5 Nxd5 25. g3 Rf8 26. Kh1 Qe7 27. f4 Kh8 28. Qc4 Ne3 29. Qe4 Nxf1 30. Rxf1 Ra6 31. Rc1 Qd7 32. Nxb7 Rb8 33. Nd6 Rab6 34. Rc2 Rb4 35. Qf3 Kg8 36. g4 Qxa4 37. Rf2 Qa1+ 38. Kg2 Rxb2 0-1

[Event "GER-chT Seniors 14th"]
[Site "Sottrum"]
[Date "2005.09.22"]
[Round "5"]
[White "Meyer, Heinz"]
[Black "Luetje, Juergen"]
[Result "1/2-1/2"]
[WhiteElo "2085"]
[BlackElo "2135"]
[PlyCount "28"]
[EventDate "2005.09.18"]
[EventType "team-swiss"]
[EventRounds "7"]
[EventCountry "GER"]
[SourceTitle "CBM 108 Extra"]
[Source "ChessBase"]
[SourceDate "2005.11.04"]
[SourceVersion "1"]
[SourceVersionDate "2005.11.04"]
[SourceQuality "1"]

1. Nf3 Nf6 2. g3 b6 3. Bg2 Bb7 4. d4 g6 5. 0-0 Bg7 6. c4 0-0 7. Nc3 e6 8. Qc2 Na6 9. e4 d5 10. exd5 exd5 11. cxd5 Nb4 12. Qb3 Nbxd5 13. Ne5 Nxc3 14. bxc3 Bxg2 1/2-1/2

[Event "GER-chT Seniors 13th"]
[Site "Dresden"]
[Date "2004.08.04"]
[Round "4"]
[White "Potthammel, Joerg"]
[Black "Meyer, Heinz"]
[Result "1/2-1/2"]
[WhiteElo "2141"]
[BlackElo "1913"]
[PlyCount "62"]
[EventDate "2004.08.01"]
[EventType "team"]
[EventRounds "7"]
[EventCountry "GER"]
[SourceTitle "CBM 103 Extra"]
[Source "ChessBase"]
[SourceDate "2005.01.01"]
[SourceVersion "1"]
[SourceVersionDate "2005.01.01"]
[SourceQuality "1"]

1. e4 c5 2. Nf3 Nc6 3. Nc3 Nf6 4. d4 cxd4 5. Nxd4 d6 6. Bg5 e6 7. Qd2 a6 8. 0-0-0 h6 9. Be3 Be7 10. f3 Qc7 11. g4 Bd7 12. Nb3 Ne5 13. Qg2 Rc8 14. Bd3 b5 15. Qe2 Nxd3+ 16. Qxd3 b4 17. Ne2 Bb5 18. Qd2 e5 19. Ng3 g6 20. h4 d5 21. g5 d4 22. Nxd4 exd4 23. Bf4 Bd6 24. e5 hxg5 25. exd6 Qc6 26. hxg5 Rxh1 27. Rxh1 Nd5 28. Rh8+ Kd7 29. Rxc8 Kxc8 30. Qxd4 Nxf4 31. Qxf4 Qc5 1/2-1/2

[Event "GER-chT Seniors 13th"]
[Site "Dresden"]
[Date "2004.08.01"]
[Round "1"]
[White "Meyer, Heinz"]
[Black "Hildebrand, Gerald"]
[Result "1/2-1/2"]
[WhiteElo "1913"]
[BlackElo "2180"]
[PlyCount "86"]
[EventDate "2004.08.01"]
[EventType "team"]
[EventRounds "7"]
[EventCountry "GER"]
[SourceTitle "CBM 103 Extra"]
[Source "ChessBase"]
[SourceDate "2005.01.01"]
[SourceVersion "1"]
[SourceVersionDate "2005.01.01"]
[SourceQuality "1"]

1. d4 Nf6 2. Nf3 d5 3. c4 e6 4. Bg5 Bb4+ 5. Nc3 c6 6. Bxf6 Qxf6 7. e3 0-0 8. Qc2 Nd7 9. Bd3 h6 10. 0-0 dxc4 11. Bxc4 e5 12. Qe4 exd4 13. Bd3 g6 14. Qxd4 Qxd4 15. exd4 Nf6 16. Bc4 Bf5 17. Nh4 Bxc3 18. bxc3 Be4 19. g3 b5 20. Bb3 Rfd8 21. Ng2 a5 22. a3 Bxg2 23. Kxg2 Ne4 24. Rfc1 c5 25. dxc5 Rac8 26. Re1 Nxc5 27. Ba2 Na4 28. Re7 Rf8 29. Ra7 Nxc3 30. Rxa5 Ra8 31. Rxa8 Rxa8 32. Bb3 b4 33. a4 Kf8 34. a5 f6 35. a6 Ra7 36. Bc4 Ke7 37. Re1+ Kd6 38. Re6+ Kc5 39. Bb3 Nd5 40. h4 Nc7 41. Rxf6 Rxa6 42. Rxa6 Nxa6 43. f4 Kd6 1/2-1/2

[Event "GER-chT Seniors 12th"]
[Site "Finsterbergen"]
[Date "2003.08.13"]
[Round "4.2"]
[White "Meyer, Heinz"]
[Black "Krueger, Erich"]
[Result "1/2-1/2"]
[WhiteElo "1909"]
[BlackElo "2229"]
[PlyCount "45"]
[EventDate "2003.08.10"]
[EventType "team"]
[EventRounds "7"]
[EventCountry "GER"]
[SourceTitle "EXT 2012"]
[Source "ChessBase"]
[SourceDate "2011.11.24"]
[SourceVersion "1"]
[SourceVersionDate "2011.11.24"]
[SourceQuality "1"]
[WhiteTeam "Schleswig Holstein II"]
[BlackTeam "Nordrhein Westfalen II"]
[WhiteTeamCountry "GER"]
[BlackTeamCountry "GER"]

1. Nf3 Nf6 2. d4 g6 3. g3 Bg7 4. Bg2 0-0 5. 0-0 d6 6. c4 c6 7. Nc3 Qa5 8. h3 Be6 9. Nd2 Qb6 10. d5 cxd5 11. cxd5 Bd7 12. Qb3 Qxb3 13. Nxb3 Na6 14. Be3 b6 15. Rfd1 Rac8 16. Rac1 Nb4 17. Bd4 Rc7 18. g4 Rfc8 19. g5 Nh5 20. Bxg7 Nxg7 21. Bf1 Nf5 22. e4 Nh4 23. a3 1/2-1/2

[Event "GER-chT Seniors 11th"]
[Site "Bad Segeberg"]
[Date "2002.08.07"]
[Round "2.4"]
[White "Kohlei, Rolf"]
[Black "Meyer, Heinz"]
[Result "1/2-1/2"]
[WhiteElo "2084"]
[BlackElo "1930"]
[PlyCount "71"]
[EventDate "2002.08.06"]
[EventType "team"]
[EventRounds "7"]
[EventCountry "GER"]
[SourceTitle "EXT 2003"]
[Source "ChessBase"]
[SourceDate "2002.11.25"]
[SourceVersion "1"]
[SourceVersionDate "2002.11.25"]
[SourceQuality "1"]
[WhiteTeam "Rheinland Pfalz"]
[BlackTeam "Schleswig Holstein II"]
[WhiteTeamCountry "GER"]
[BlackTeamCountry "GER"]

1. Nf3 Nf6 2. c4 g6 3. Nc3 Bg7 4. e4 d6 5. d4 0-0 6. Be2 Nbd7 7. 0-0 e5 8. d5 Nc5 9. Bg5 h6 10. Bxf6 Qxf6 11. b4 Nd7 12. Qd2 Qe7 13. Ne1 f5 14. f3 Nf6 15. Nd3 Bd7 16. b5 b6 17. Nb4 Kh7 18. a4 h5 19. a5 Bh6 20. Qd3 fxe4 21. Nxe4 Nxe4 22. fxe4 Rxf1+ 23. Bxf1 Rf8 24. axb6 axb6 25. Be2 Qf6 26. Rf1 Qg5 27. Rxf8 Bxf8 28. Na6 Bh6 29. Nxc7 Qe3+ 30. Kf1 Qxd3 31. Bxd3 Be3 32. Na6 Kg7 33. Nb8 Be8 34. Ke2 Bg1 35. h4 Kf6 36. g3 1/2-1/2

[Event "GER-chT Seniors 10th"]
[Site "Rheda Wiedenbrueck"]
[Date "2001.08.18"]
[Round "7.4"]
[White "Meyer, Heinz"]
[Black "Luetje, Juergen"]
[Result "1/2-1/2"]
[WhiteElo "1934"]
[BlackElo "2023"]
[PlyCount "113"]
[EventDate "2001.08.12"]
[EventType "team"]
[EventRounds "7"]
[EventCountry "GER"]
[SourceTitle "EXT 2002"]
[Source "ChessBase"]
[SourceDate "2001.11.25"]
[SourceVersion "1"]
[SourceVersionDate "2001.11.25"]
[SourceQuality "1"]
[WhiteTeam "Schleswig Holstein Seniors"]
[BlackTeam "Brandenburg Seniors"]
[WhiteTeamCountry "GER"]
[BlackTeamCountry "GER"]

1. d4 d5 2. Nf3 c6 3. c4 Nf6 4. Nc3 e6 5. e3 Be7 6. Bd3 Nbd7 7. 0-0 0-0 8. b3 b6 9. Bb2 Bb7 10. Rc1 Rc8 11. Qe2 Re8 12. Rfd1 Bd6 13. cxd5 Nxd5 14. Nxd5 exd5 15. Ba6 Bxa6 16. Qxa6 Bb8 17. Rc2 Re6 18. Rdc1 Qc7 19. Qa3 Qd8 20. Qa6 Qe8 21. Ba3 h6 22. h3 Nf6 23. b4 b5 24. Qxb5 Rxe3 25. Qa6 Re6 26. Qa4 Bf4 27. Rb1 Rb8 28. g3 Bd6 29. Qxc6 Qe7 30. Qa6 Bxg3 31. Qd3 Bd6 32. Rbc1 Qd7 33. b5 Bxa3 34. Qxa3 Re4 35. Ne5 Qf5 36. Qxa7 Rf8 37. Rc8 Nh7 38. Rxf8+ Nxf8 39. Qc7 Rxd4 40. Re1 Qg5+ 41. Kf1 Qf5 42. Qc3 Rf4 43. Qg3 h5 44. Re2 Ne6 45. Qd3 Re4 46. Nc6 Kh7 47. Rxe4 dxe4 48. Qe2 e3 49. Ne7 Qxh3+ 50. Ke1 Nf4 51. Qc2+ g6 52. Qc4 Qh1+ 53. Qf1 Qxf1+ 54. Kxf1 e2+ 55. Ke1 h4 56. Nd5 Nxd5 57. Kxe2 1/2-1/2

[Event "GER-chT Seniors 10th"]
[Site "Rheda Wiedenbrueck"]
[Date "2001.08.13"]
[Round "2.4"]
[White "Meyer, Heinz"]
[Black "Mueller, Helmut"]
[Result "1/2-1/2"]
[WhiteElo "1934"]
[BlackElo "1873"]
[PlyCount "52"]
[EventDate "2001.08.12"]
[EventType "team"]
[EventRounds "7"]
[EventCountry "GER"]
[SourceTitle "EXT 2002"]
[Source "ChessBase"]
[SourceDate "2001.11.25"]
[SourceVersion "1"]
[SourceVersionDate "2001.11.25"]
[SourceQuality "1"]
[WhiteTeam "Schleswig Holstein Seniors II"]
[BlackTeam "Bayern Seniors II"]
[WhiteTeamCountry "GER"]
[BlackTeamCountry "GER"]

1. d4 Nf6 2. c4 g6 3. Nc3 d5 4. cxd5 Nxd5 5. e4 Nxc3 6. bxc3 Bg7 7. Bc4 c5 8. Ne2 cxd4 9. cxd4 Nc6 10. Be3 0-0 11. 0-0 a6 12. Rc1 Na5 13. Bd3 e6 14. Qd2 b5 15. Rc5 Bb7 16. Rfc1 Rc8 17. Rxc8 Bxc8 18. Rxc8 Qxc8 19. Qxa5 Qb7 20. Bd2 Ra8 21. Bb4 Bf6 22. Bc5 Bd8 23. Qb4 Rb8 24. Bd6 Bc7 25. Be7 Qc6 26. Bg5 Qd6 1/2-1/2

[Event "GER-chT Seniors 09th"]
[Site "Halle"]
[Date "2000.08.23"]
[Round "4.1"]
[White "Braun, Gottfried"]
[Black "Meyer, Heinz"]
[Result "1-0"]
[WhiteElo "2198"]
[BlackElo "1968"]
[PlyCount "41"]
[EventDate "2000.08.20"]
[EventType "team"]
[EventRounds "7"]
[EventCountry "GER"]
[SourceTitle "EXT 2002"]
[Source "ChessBase"]
[SourceDate "2001.11.25"]
[SourceVersion "1"]
[SourceVersionDate "2001.11.25"]
[SourceQuality "1"]

1. e4 c5 2. Nf3 Nc6 3. c3 e6 4. d4 d5 5. exd5 exd5 6. Bb5 a6 7. Bxc6+ bxc6 8. 0-0 c4 9. Re1+ Be7 10. Ne5 Bd7 11. Qh5 g6 12. Qf3 f6 13. Nxd7 Qxd7 14. b3 cxb3 15. axb3 Kf7 16. Ba3 Bxa3 17. Nxa3 Nh6 18. Nc2 a5 19. Ne3 Rhb8 20. Ra3 Ra7 21. Qf4 1-0

[Event "GER-chT Seniors 09th"]
[Site "Halle"]
[Date "2000.08.20"]
[Round "1.1"]
[White "Rueckleben, Hermann"]
[Black "Meyer, Heinz"]
[Result "1/2-1/2"]
[WhiteElo "2262"]
[BlackElo "1968"]
[PlyCount "81"]
[EventDate "2000.08.20"]
[EventType "team"]
[EventRounds "7"]
[EventCountry "GER"]
[SourceTitle "EXT 2002"]
[Source "ChessBase"]
[SourceDate "2001.11.25"]
[SourceVersion "1"]
[SourceVersionDate "2001.11.25"]
[SourceQuality "1"]

1. c4 Nf6 2. g3 g6 3. Bg2 Bg7 4. Nc3 d6 5. e4 c5 6. d3 0-0 7. Nge2 Na6 8. 0-0 Rb8 9. h3 Nc7 10. a4 a6 11. a5 Bd7 12. Be3 e5 13. f4 Ne6 14. f5 Nd4 15. g4 h6 16. g5 hxg5 17. Bxg5 Bc6 18. Nxd4 cxd4 19. Nd5 Bxd5 20. exd5 Qe8 21. Bxf6 Bxf6 22. Qg4 b5 23. axb6 Rxb6 24. Rf2 Bg7 25. Be4 f6 26. fxg6 Qe7 27. Bf5 Rfb8 28. Be6+ Kf8 29. Qh5 Ke8 30. Rb1 Rb3 31. Qf5 a5 32. Ra1 Rxb2 33. Rxb2 Rxb2 34. Rxa5 Qb7 35. Bd7+ Qxd7 36. Qxd7+ Kxd7 37. Ra7+ Ke8 38. Rxg7 f5 39. Kf1 e4 40. h4 Rd2 41. Rf7 1/2-1/2